| 000 | 00622cab a2200217 4500 | ||
|---|---|---|---|
| 001 | WB3403-26 | ||
| 008 | 090401t1998 xxu||||| |||| 00| 0 eng d | ||
| 035 | _a(Sirsi) u83280 | ||
| 041 | _aeng | ||
| 245 | _aPlanning revamp welcomed | ||
| 260 | _c1998 | ||
| 350 | _a0 | ||
| 490 |
_aConstruction News _v(6549) 22 January 1998, 4(1) |
||
| 520 | _aHousebuilders welcome plans to speed up the planning system. Lists steps to improve the planning system. | ||
| 650 | _aGOVERNMENT POLICY | ||
| 650 | _aPLANNING SYSTEM | ||
| 650 | _aREFORM | ||
| 690 | _aPLANNING LAW AND PRACTICE | ||
| 942 | _n0 | ||
| 948 | _c23/01/1998 | ||
| 999 |
_c52592 _d52592 |
||